logo

Bir Sreshtho Munshi Abdur Rouf Library
Jhenaidah Cadet College

কবিতা সমগ্র / (Record no. 10604)

MARC details
000 -LEADER
fixed length control field 00739nam a2200229 a 4500
001 - CONTROL NUMBER
JCCL Control Number 10604
003 - CONTROL NUMBER IDENTIFIER
JCCL marc code BD-JhCC
005 - DATE AND TIME OF LATEST TRANSACTION
control field 20180918134015.0
008 - FIXED-LENGTH DATA ELEMENTS--GENERAL INFORMATION
fixed length control field 180728s20161992bg |||| |||| 000 0 ben d
020 ## - INTERNATIONAL STANDARD BOOK NUMBER
International Standard Book Number 9788172150174
035 ## - SYSTEM CONTROL NUMBER
system control number (BD-JhCC)10604
040 ## - CATALOGING SOURCE
Original cataloging agency BD-JhCC
Modifying agency BD-JhCC
041 ## - LANGUAGE CODE
Language code of Book ben
082 ## - DEWEY DECIMAL CLASSIFICATION NUMBER
Classification number 891.4415
Author mark and Year GAN 2016
100 ## - MAIN ENTRY--PERSONAL NAME
Personal name গঙ্গোপাধ্যায়, সুনীল
245 ## - TITLE STATEMENT
Title কবিতা সমগ্র /
Statement of responsibility, etc সুনীল গঙ্গোপাধ্যায়
260 ## - PUBLICATION, DISTRIBUTION, ETC. (IMPRINT)
Place of publication, distribution, etc কলকাতা :
Name of publisher, distributor, etc আনন্দ,
Date of publication, distribution, etc ২০১৬.
300 ## - PHYSICAL DESCRIPTION
Pagination ১-৫ খন্ড :
Dimensions ২১ সেমি.
650 ## - SUBJECT ADDED ENTRY--TOPICAL TERM
Topical term or geographic name as entry element বাংলা কবিতা
650 ## - SUBJECT ADDED ENTRY--TOPICAL TERM
Topical term or geographic name as entry element Bengali Poem
942 ## - ADDED ENTRY ELEMENTS (KOHA)
Source of classification or shelving scheme Dewey Decimal Classification
Koha item type Books
Koha issues (borrowed), all copies 1
Holdings
Source of classification or shelving scheme volume number Damaged status Not for loan Home library Current library Shelving location Date of accession Cost, normal purchase price Total Checkouts Full call number Barcode Date last seen Copy number Koha item type Date checked out
Dewey Decimal Classification V-1     JCC Rouf Library JCC Rouf Library General Stacks 07/28/2018 200.00   891.4415 GAN 2016 14217 07/28/2018 C-1 Books  
Dewey Decimal Classification V-2     JCC Rouf Library JCC Rouf Library General Stacks 07/28/2018 200.00 1 891.4415 GAN 2014 14218 04/08/2019 C-2 Books 10/01/2018
Dewey Decimal Classification V-3     JCC Rouf Library JCC Rouf Library General Stacks 07/28/2018 200.00 1 891.4415 GAN 2014 14219 09/24/2018 C-3 Books 09/17/2018
Dewey Decimal Classification V-4     JCC Rouf Library JCC Rouf Library General Stacks 07/28/2018 200.00 1 891.4415 GAN 2016 14220 10/11/2018 C-4 Books 09/13/2018
Dewey Decimal Classification V-5     JCC Rouf Library JCC Rouf Library General Stacks 07/28/2018 300.00 1 891.4415 GAN 2015 14200 09/24/2018 C-5 Books 09/10/2018

JCC Library | Contacts | JCC Home

Last Update on 23 September 2017
Copyright @ 2017-2020 JCC Rouf Library
Rouf Library, Jhenidah Cadet College (JCC), Bangladesh